Contemporary logic design / (Record no. 193509)

000 -LEADER
fixed length control field 01190 a2200229 4500
003 - CONTROL NUMBER IDENTIFIER
control field Nust
005 - DATE AND TIME OF LATEST TRANSACTION
control field 20221228130910.0
010 ## - LIBRARY OF CONGRESS CONTROL NUMBER
LC control number 93009013
020 ## - INTERNATIONAL STANDARD BOOK NUMBER
International Standard Book Number 0805327037
040 ## - CATALOGING SOURCE
Transcribing agency Nust
082 00 - DEWEY DECIMAL CLASSIFICATION NUMBER
Classification number 621.395,KAT
100 1# - MAIN ENTRY--PERSONAL NAME
Personal name Katz, Randy H.,
9 (RLIN) 106204
245 10 - TITLE STATEMENT
Title Contemporary logic design /
Statement of responsibility, etc. Randy H. Katz.
260 ## - PUBLICATION, DISTRIBUTION, ETC.
Place of publication, distribution, etc. Redwood City, Calif. :
Name of publisher, distributor, etc. Benjamin/Cummings,
Date of publication, distribution, etc. c1994.
300 ## - PHYSICAL DESCRIPTION
Extent xxvi, 699 p. :
Other physical details ill. ;
Dimensions 24 cm.
505 ## - FORMATTED CONTENTS NOTE
Formatted contents note Introduction (Page-1), Two Level Combinational Logic (Page-40), Multilevel Combinational Logic (Page-110), Programmable and Steering Logic (Page-160), Arithmetic Circuits (Page-240), Sequential Logic Design (Page-282), Sequential Logic Case Studies (Page-329), Finite State Machine Design (Page-383), Finite State Machine Optimization (Page-449), Finite State Machine Implementation (Page-496), Computer Organization (Page-556), Controller Implementation (Page-601).
650 #0 - SUBJECT ADDED ENTRY--TOPICAL TERM
Topical term or geographic name entry element Computer-aided design.
650 #0 - SUBJECT ADDED ENTRY--TOPICAL TERM
Topical term or geographic name entry element Electronic digital computers
General subdivision Circuits
-- Design.
9 (RLIN) 83513
650 #0 - SUBJECT ADDED ENTRY--TOPICAL TERM
Topical term or geographic name entry element Integrated circuits
General subdivision Very large scale integration
-- Design
-- Data processing.
9 (RLIN) 10557
650 #0 - SUBJECT ADDED ENTRY--TOPICAL TERM
Topical term or geographic name entry element Logic design
General subdivision Data processing.
9 (RLIN) 2936
942 ## - ADDED ENTRY ELEMENTS (KOHA)
Source of classification or shelving scheme
Koha item type Book
Holdings
Withdrawn status Lost status Source of classification or shelving scheme Damaged status Not for loan Permanent Location Current Location Shelving location Date acquired Full call number Barcode Date last seen Price effective from Koha item type Public note
          Military College of Signals (MCS) Military College of Signals (MCS) General Stacks 12/12/2016 621.395,KAT MCS28739 12/08/2016 12/12/2016 Book Almirah No.84, Shelf No.4
          Military College of Signals (MCS) Military College of Signals (MCS) General Stacks 12/12/2016 621.395,KAT MCS28740 12/08/2016 12/12/2016 Book Almirah No.40, Shelf No.3
© 2023 Central Library, National University of Sciences and Technology. All Rights Reserved.